00491nam a2200169Ia 4500003000400000008004100004020001500045040001600060082001600076100001800092245007400110260004200184300002100226650002700247650001600274650003100290GCL140319s9999 xx 000 0 eng d a0312162545 aGCL / cGCL04a956.05bP H1 aPIPES, DANIEL10aTHE HIDDEN LAND : bMIDDLE EAST FEARS OF CONSPIRACY / cPIPES, DANIEL a[S.N] : bST. MARTINS PRESS ، c1996 a17 CM ؛ c404 P04aMIDDLE EAST - POLITICS04aMIDDLE EAST04aCONSPIRACIES - MIDDLE EAST